Historia de las leyes (Record no. 12439)

MARC details
000 -LEADER
fixed length control field 00543nam a22001697a 4500
008 - FIXED-LENGTH DATA ELEMENTS--GENERAL INFORMATION
fixed length control field 140827t ck||||| |||| 00| 0 spa d
020 ## - INTERNATIONAL STANDARD BOOK NUMBER
International Standard Book Number 9789588392134
050 04 - LIBRARY OF CONGRESS CALL NUMBER
Classification number KHH2919
Item number H57 2010
245 00 - TITLE STATEMENT
Title Historia de las leyes
Remainder of title : acto legislativo número 3 de 1910
Statement of responsibility, etc / compilador L. Segovia
250 ## - EDITION STATEMENT
Edition statement 1a ed.
260 ## - PUBLICATION, DISTRIBUTION, ETC. (IMPRINT)
Place of publication, distribution, etc Bogotá :
Name of publisher, distributor, etc Academia Colombiana de Jurisprudencia,
Date of publication, distribution, etc 2010
300 ## - PHYSICAL DESCRIPTION
Extent 346 p. ;
Dimensions 23 cm.
490 0# - SERIES STATEMENT
Series statement Clásicos
650 #7 - SUBJECT ADDED ENTRY--TOPICAL TERM
Source of heading or term Lemb
Topical term or geographic name as entry element Derecho constitucional
Geographic subdivision Colombia
700 1# - ADDED ENTRY--PERSONAL NAME
Personal name Segovia, L.
Relator term comp.
942 ## - ADDED ENTRY ELEMENTS (KOHA)
Source of classification or shelving scheme Biblioteca del Cogreso de los Estados Unidos
Koha item type Libro
Holdings
Estado de pérdida Fuente de clasificación Estado del daño No para préstamo Ubicación permanente Ubicación actual Apartado o colección Fecha de adquisición Fuente de adquisición Área del conocimiento Clasificación Código de Barras Date last seen Número de copia Tipo de recurso
  Biblioteca del Cogreso de los Estados Unidos     Biblioteca de la Facultad de Derecho-Anexo Revillagigedo Biblioteca de la Facultad de Derecho-Anexo Revillagigedo General 27/08/2014     KHH2919 H57 2010 FDAR000000135 16/01/2015 1 Libro
  Biblioteca del Cogreso de los Estados Unidos     Biblioteca de la Facultad de Derecho-Anexo Revillagigedo Biblioteca de la Facultad de Derecho-Anexo Revillagigedo General 27/08/2014     KHH2919 H57 2010 FDAR000000136 16/01/2015 2 Libro